| 000 | 00648nam a2200241Ia 4500 | ||
|---|---|---|---|
| 003 | OSt | ||
| 005 | 20230411162834.0 | ||
| 008 | 210423s2006 xx 000 0 und d | ||
| 020 | _a324233434 | ||
| 040 | _cAL | ||
| 041 | _aeng | ||
| 082 | _a338.642 RYAJ | ||
| 100 |
_aRYAN (J D);HIDUKE (Gail P) _986562 |
||
| 245 | _aSmall business: an entrepreneurs business plan | ||
| 250 | _a7 | ||
| 260 |
_aAustralia _bThomson _c2006 |
||
| 300 |
_axvi,446 _bPB |
||
| 365 |
_b895 _cINR |
||
| 650 |
_aEconomics _986563 |
||
| 650 |
_aProduction Economics _986564 |
||
| 906 | _aan ; business ; business: ; entrepreneurs ; plan ; Small | ||
| 942 |
_2ddc _cBK |
||
| 999 |
_c158517 _d158517 |
||